Dokumenty Evropské unie
Správa Rady ministrov EÚ pre Essenské zasadanie Európskej rady o stratégii príprav na pripojenie pridružených krajín strednej a východnej Európy. O reštrukturalizácii oceliarskeho priemyslu.
Gespeichert in:
| Format: | Buchkapitel |
|---|---|
| Sprache: | Tschechisch |
| Schlagworte: | |
| Tags: |
Keine Tags, Fügen Sie das erste Tag hinzu!
|
MARC
| LEADER | 00000naa a2200000 4500 | ||
|---|---|---|---|
| 001 | r016538 | ||
| 005 | 20221208130908.7 | ||
| 041 | 0 | |a cze | |
| 044 | |a CZ | ||
| 245 | 1 | 0 | |a Dokumenty Evropské unie |
| 520 | |a Správa Rady ministrov EÚ pre Essenské zasadanie Európskej rady o stratégii príprav na pripojenie pridružených krajín strednej a východnej Európy. O reštrukturalizácii oceliarskeho priemyslu. | ||
| 610 | 2 | 0 | |a Európska únia |
| 610 | 2 | 0 | |a dokumenty |